Сводка Политуправления РККА о состоянии 65-го особого стрелкового корпуса, дислоцированного в Эстонии

RUSMARC
00004310cam0a2200313#x 450
001fa9dbf7d-6460-4fe5-ac6a-fb77741d8ec2
00520210818085017.0
100##$a20210727j19391202k###0rusy50 ca
1010#$arus
102##$aRU
1220#$ad19391202##
2001#$aСводка Политуправления РККА о состоянии 65-го особого стрелкового корпуса, дислоцированного в Эстонии
$j2 декабря 1939 г.
251##$cДокумент
300##$aПодлинник
461#0$12001
$aФ. 9
$1251
$cФонд
$1852
$j9
462#0$12001
$aОп. 31
$1251
$cОпись
$1852
$j31
462#0$12001
$aД. 292
$vЛ. 209-220
$1251
$cДело
$1852
$j292
605##$2prlib_sh
$3LIBNET\UAF\0000088514
$aВторая мировая война в архивных документах (Комплекс оцифрованных архивных документов, кино- и фотоматериалов)
$lколлекция
617##$2prlib_sh
$aСССР
$f1939
617##$2prlib_sh
$aЭстония
$f1939
686##$a63.3(2)621-35ю11
$vLBC/M
$2rubbk
686##$a63.3(2)621-64ю11
$vLBC/M
$2rubbk
686##$a63.3(4Эст)621-64ю11
$vLBC/M
$2rubbk
801#0$aRU
$bПБ им. Б.Н. Ельцина
$c20210727
801#1$aRU
$bПБ им. Б.Н. Ельцина
$c20210727
$2rusmarc
801#2$aRU
$bПБ им. Б.Н. Ельцина
$c20210818
$2rusmarc
850##$aРоссийский государственный военный архив
852##$aРГВА
$jЛ. 209-220
8564#$nПБ им. Б.Н. Ельцина
$uhttp://readingroom.main.prlib.ru/item.aspx?id_node=n167384720&mode=full
035##$aLIBNET\0001171086
937##$d167384720
$hФедеральное архивное агентство
Формат отображения